| Tag |
First Indicator |
Second Indicator |
Subfields |
| LEADER |
00000cam a2200000 a 4500 |
| 001 |
in00000972757 |
| 005 |
20150927111222.0 |
| 008 |
900122s1990 nyua b 00100 eng |
| 010 |
|
|
|a 90030886
|
| 020 |
|
|
|a 0139469141 :
|c $60.00
|
| 035 |
|
|
|a (OCoLC)21079848
|
| 035 |
|
|
|9 AEW0791AM
|
| 040 |
|
|
|a DLC
|c DLC
|d TXA
|d UtOrBLW
|
| 049 |
|
|
|a TXAM
|
| 050 |
0 |
0 |
|a QC866.5.C65
|b U85 1990
|
| 082 |
0 |
0 |
|a 551.5
|2 20
|
| 245 |
0 |
0 |
|a Using meteorological information and products /
|c edited by Avril Price-Budgen on behalf of World Meteorological Organization.
|
| 264 |
|
1 |
|a New York :
|b E. Horwood,
|c 1990.
|
| 300 |
|
|
|a 491 pages :
|b illustrations ;
|c 25 cm.
|
| 336 |
|
|
|a text
|b txt
|2 rdacontent
|
| 337 |
|
|
|a unmediated
|b n
|2 rdamedia
|
| 338 |
|
|
|a volume
|b nc
|2 rdacarrier
|
| 490 |
1 |
|
|a Ellis Horwood series in environmental science
|
| 500 |
|
|
|a Papers from the Symposium on Education and Training in Meteorology with Emphasis on the Optimal Use of Meteorological Information and Products by All Potential Users, held at Shinfeld Park, United Kingdom, July 13-18, 1987.
|
| 504 |
|
|
|a Includes bibliographical references.
|
| 650 |
|
0 |
|a Meteorology
|x Information services.
|
| 650 |
|
0 |
|a Meteorological services.
|
| 700 |
1 |
|
|a Price-Budgen, Avril,
|d 1945-
|
| 710 |
2 |
|
|a World Meteorological Organization.
|
| 830 |
|
0 |
|a Ellis Horwood series in environmental science.
|
| 999 |
|
|
|a MARS
|
| 999 |
f |
f |
|s aa21ec54-2957-3799-8b37-9fd9ceca09dc
|i 34a9c65d-3022-391d-8951-0d47c1c947c5
|t 0
|
| 952 |
f |
f |
|p ric
|a Texas A&M University
|b Rellis Campus
|c Joint Library Facility
|d Remote Storage
|t 0
|e QC866.5.C65 U85 1990
|h Library of Congress classification
|i unmediated -- volume
|m A14814025182
|
| 998 |
f |
f |
|a QC866.5.C65 U85 1990
|t 0
|l Remote Storage
|